| 000 | 00416nam a22001817a 4500 | ||
|---|---|---|---|
| 003 | OSt | ||
| 005 | 20220204134544.0 | ||
| 008 | 220204b |||||||| |||| 00| 0 eng d | ||
| 020 | _a8125920633 | ||
| 040 | _cHU | ||
| 082 | _a621.3815 | ||
| 100 |
_aSalivahanan S. _929572 |
||
| 245 | _aDigital Circuits And Design | ||
| 250 | _a3ed | ||
| 260 |
_aNew Delhi _bNew Delhi |
||
| 300 | _f665 | ||
| 942 |
_2ddc _cBOOKS _n0 |
||
| 999 |
_c29288 _d29288 |
||